KOHA-Header-6

Algorithm Design (Record no. 1133)

000 -LEADER
fixed length control field 00282nam a2200121Ia 4500
008 - FIXED-LENGTH DATA ELEMENTS--GENERAL INFORMATION
fixed length control field 190722s9999 xx 000 0 und d
020 ## - INTERNATIONAL STANDARD BOOK NUMBER
International Standard Book Number 978-93-325-1864-3
100 ## - MAIN ENTRY--PERSONAL NAME
Personal name Jon Kleinberg
245 #0 - TITLE STATEMENT
Title Algorithm Design
260 ## - PUBLICATION, DISTRIBUTION, ETC. (IMPRINT)
Place of publication, distribution, etc India
Name of publisher, distributor, etc Pearson
Date of publication, distribution, etc 2017
300 ## - PHYSICAL DESCRIPTION
Extent 824
942 ## - ADDED ENTRY ELEMENTS (KOHA)
Koha item type Books
Holdings
Withdrawn status Lost status Damaged status Not for loan Collection code Permanent Location Current Location Shelving location Date acquired Full call number Barcode Date last seen Price effective from Koha item type
      Not For Loan Computer Science MAJU MAJU   2019-07-22 5.1 7758 2019-07-22 2019-07-22 Computer Science

Powered by Koha